Neofaschismus in der BRD

Titel: Neofaschismus in der BRD : Erscheinungen, Hintergründe, Gefahren / Arno Winkler
Verfasser:
Veröffentlicht: Berlin : Dietz, 1980
Umfang: 160 S. : Ill. ; 18 cm
Format: Buch
Sprache: Deutsch
RVK-Notation:
Schlagworte:
Kein Bild verfügbar
X
Lokale Klassifikation: 3 7 O
alg: 8070889
001A    $06000:27-07-99 
001B    $01999:12-05-23 $t22:42:56.000 
001C    $06002:28-02-06 $t00:31:42.000 
001D    $09999:99-99-99 
001U    $0utf8 
001X    $00 
002@    $0Aaxaf 
003@    $0080708897 
003O    $016138804 $aOCoLC 
004A    $fkart. : M 2.80 
006G    $0810460424 
006U    $081,A24,0265 
007A    $0810460424 $aDNB 
007S    $00969000126267 
007T    $0Herdhh080708897 
010@    $ager 
011@    $a1980 $n1980 
015@    $00 
021A    $aNeofaschismus in der BRD $dErscheinungen, Hintergründe, Gefahren $hArno Winkler 
028A    $7170052656 $8Winkler, Arno [Tp3] $9294299203 
033A    $pBerlin $nDietz 
034D    $a160 S. 
034I    $a18 cm 
034M    $aIll. 
044F    $aRechtsradikalismus 
044K    $RDeutschland $RDeutschland $RDeutschland $RDeutschland $RDeutschland $#Alemanha Deutschland, Bundesrepublik $#Alemania Deutschland, Bundesrepublik $#Allemagne Deutschland, Bundesrepublik $#Almanija Deutschland, Bundesrepublik $#Almāniyā Deutschland, Bundesrepublik $#Bondsrepubliek Duitsland Deutschland, Bundesrepublik $#BRD $#BRD 1949-1990 $#Bundesrepublik Deutschland 1949-1990 $#Deutschland 1949-1990, Bundesrepublik $#Deutschland, Bundesrepublik 1949-1990 $#Federal Republic of Germany Deutschland, Bundesrepublik $#Förbundsrepubliken Tyskland Deutschland, Bundesrepublik $#Förbundsrepublikken Tyskland Deutschland, Bundesrepublik $#FRG $#Germany Deutschland, Bundesrepublik $#Németországi Szövetségi Kőztársaság Deutschland, Bundesrepublik $#Niemiecka Republika Federalna Niemiecka Republika Federalna $#NRF $#Repubblica Federale di Germania Deutschland, Bundesrepublik $#Republic of Germany Deutschland, Bundesrepublik $#República Federal da Alemanha Deutschland, Bundesrepublik $#República Federal de Alemania Deutschland, Bundesrepublik $#Republik Federasi Djerman Deutschland, Bundesrepublik $#Republika Federalna Niemiec Deutschland, Bundesrepublik $#République Fédérale d'Allemagne Deutschland, Bundesrepublik $#RFN $#Saksan Liittotasavalta Deutschland, Bundesrepublik $#Westdeutschland Bundesrepublik, 1949-1990 $74011889-7 $8Deutschland$gBundesrepublik [Tgz] $9085025607 
044K    $RFaschismus $RRechtsradikalismus $#Fascism $#Fascisme $#Neofaschismus $74041597-1 $8Neofaschismus [Ts1] $9085114057 
045E    $b06a 
045F    $a900.9430904 $eDDC23BSB 
045F/01 $a900 
045F/03 $f0904 
045F/03 $g43 
045Z    $8MG 15380 [Tkv] $9410456357 

lok: 8070889 3

exp: 8070889 3 1 #EPN
201B/01 $012-05-11 $t20:47:26.000 
201U/01 $0utf8 
203@/01 $0620178116 
206W/01 $0UB1-t5000422 
208@/01 $a01-01-11 $brAa 
209A/01 $a82.018.04 $du $f000 $x00 
209B/01 $aStUB-Retro $x05 
209G/01 $a82018042 $x00 
209U/01 $qimage/gif $A2 $3Katalogkarte der UB Frankfurt $uhttp://resolver.hebis.de/retro/t5000422 $mV:DE-603;B:DE-30 
247C/01 $8601000-3 <30>Frankfurt, Universitätsbibliothek J. C. Senckenberg, Zentralbibliothek (ZB) $9102598258 

lok: 8070889 24
101B    $007-10-09 $t14:14:54.000 
101C    $007-10-09 
101U    $0utf8 
145Z/01 $a3 7 O 

exp: 8070889 24 1 #EPN
201B/01 $007-10-09 $t14:14:55.000 
201C/01 $007-10-09 
201U/01 $0utf8 
203@/01 $0582427436 
208@/01 $a07-10-09 $br 
209A/01 $a3 VII O 312 $du $f050 $h3 7 O 312 $x00 
209C/01 $aK 83.2161 $h83 2161 K 
209G/01 $a72421175 $x00 
220C/01 $ash 
247C/01 $8358050-7 Marburg, Bibliothek des Herder-Instituts Marburg $9102600961 

lok: 8070889 78

exp: 8070889 78 1 #EPN
201B/01 $019-04-17 $t18:35:14.000 
201U/01 $0utf8 
203@/01 $0793002044 
208@/01 $a12-11-16 $be 
209A/01 $a/ $f000 $x00 
220C/01 $aAnmerkung: *ng 
237A/01 $aweiterführende Signatur(en): Herder-Institut: 3 VII O 312 
244Z/01 $2Trx $8--Trx--Monographie $x01 $9391384546 
245Z/01 $a06.04.04 $x01 
247C/01 $82080>Marburg/Lahn, Herder-Institut, Forschungsbibliothek, Bibliographieportal $9336309341
LEADER 00000cam a22000002c 4500
001 080708897
003 DE-603
005 20230512224256.0
007 tu
008 990727s1980 xx |||| | u00||u|ger
015 |a 81,A24,0265  |2 dnb 
016 7 |2 DE-101  |a 810460424 
035 |a (DE-599)DNB810460424 
035 |a (OCoLC)16138804 
040 |a DE-603  |b ger  |c DE-603  |d DE-603 
041 |a ger 
082 0 4 |8 1\u  |a 900.9430904  |q DE-101  |2 23/BSB 
084 |a 06a  |q DE-101  |2 sdnb 
084 |a MG 15380  |0 (DE-625)122818:12126  |0 (DE-603)410456357  |2 rvk 
085 |8 1\u  |b 900 
085 |8 1\u  |z 1  |s 0904 
085 |8 1\u  |z 2  |s 43 
100 1 |a Winkler, Arno  |0 (DE-603)294299203  |0 (DE-588)170052656  |2 gnd 
245 0 0 |a Neofaschismus in der BRD  |b Erscheinungen, Hintergründe, Gefahren  |c Arno Winkler 
264 1 |a Berlin  |b Dietz  |c 1980 
300 |a 160 S.  |b Ill.  |c 18 cm 
650 7 |a Neofaschismus  |0 (DE-588)4041597-1  |0 (DE-603)085114057  |2 gnd 
650 7 |a Rechtsradikalismus  |2 local 
651 7 |a Deutschland  |g Bundesrepublik  |0 (DE-588)4011889-7  |0 (DE-603)085025607  |2 gnd 
924 0 |9 30  |a (DE-603)620178116  |b DE-30  |c HES  |d c  |g 82.018.04 
924 0 |9 Mb 50  |a (DE-603)582427436  |b DE-Mb50  |c HES  |d c  |g 3 VII O 312 
924 0 |9 2080  |a (DE-603)793002044  |b DE-2080  |c HES  |d d  |g /